000 01254nam0a2200349 4500
001 RU\NLR\BIBL_A\011251973
005 20250626033515.0
010 _a978-5-408-02993-8
_95000
021 _aRU
_b2016-1966и
_9169и
035 _a(NILC)RuMoRGB-008641439
035 _a(NLR Aleph) 011251973
090 _a12172237
_c12172237
100 _a20161021d2016 |||y0rusy50 ca
101 0 _arus
102 _aRU
105 _aa z 000zy
200 1 _aГде кто живёт?
_e[книжка-картинка для самых маленьких
_fМёдов В. М.
_gхудож. Татьяна Познанина]
210 _aМосква
_cВАКО
_d2016
_d(макет 2017)
215 _a16 с.
_cцв. ил.
_d21
225 1 _aРаннее развитие
300 _aАвт. указан перед вып. дан.
333 _a0+
675 _a821.161.1-93
686 0 _aШ9(2)60=Р7-8
700 1 _aМёдов
_bВ. М.
_cпедагог-методист
_gВениамин Маевич
_9166005
_3RU\NLR\AUTH\770166052
702 1 _aПознанина
_bТ.
_gТатьяна
_p440
801 0 _aRU
_bРГБ
_c20161006
_gRCR
942 _cBOOK
980 _aNB